|
|
|
|
| LEADER |
00000ny a22000003n 4500 |
| 005 |
20110628102717.0 |
| 008 |
080620s1998 sp s 000 0 spa c |
| 020 |
|
|
|a 8495027054
|
| 035 |
|
|
|a 328
|
| 040 |
|
|
|a UMA.RE
|d vLex
|
| 080 |
|
|
|a 343.161(460)(0.034)
|
| 080 |
|
|
|a 347.998(460)(0.034)
|
| 090 |
|
|
|c 1145
|d 1145
|
| 100 |
1 |
|
|a Llabrš Fuster, Antoni
|
| 245 |
1 |
3 |
|a La responsabilidad penal del miembro del jurado
|h [Recurso electrn̤ico]
|c Antoni Llabrš Fuster, Carmen Toms̀-Valiente Lanuza
|
| 256 |
|
|
|a Servicio en ln̕ea
|
| 260 |
|
|
|a [Barcelona] :
|b Cedecs,
|c 1998
|
| 506 |
1 |
|
|a Contenido solo disponible en los productos indicados
|d vLex Global
|d vLex Global (Academic Edition, excluding Law Schools)
|d vLex Global (U.S. Academic Edition, Law Schools)
|d vLex Global (U.S. Academic Edition, excluding Law Schools)
|d vLex Global (Academic Edition, Law Schools)
|
| 650 |
0 |
7 |
|a Penal
|2 Tesauro vLex
|
| 650 |
0 |
7 |
|a Lei Municipal Nð 236/91
|2 Tesauro vLex
|
| 650 |
0 |
7 |
|a Tribunal del Jurado
|2 Tesauro vLex
|
| 650 |
0 |
7 |
|a Responsabilidad penal
|2 Tesauro vLex
|
| 650 |
0 |
7 |
|a Daǫs por errores judiciales
|2 Tesauro vLex
|
| 700 |
1 |
|
|a Toms̀-Valiente Lanuza, Carmen
|
| 740 |
0 |
|
|a vLex Libros (Servicios en ln̕ea)
|
| 856 |
4 |
0 |
|u http://vlex.com/source/328
|z Acceso restringido
|
| 942 |
|
|
|c BOOK
|